1953 1839 1073 1734 1330 1752 1793 1659 1528 1634 1230 1682 1916 1825 1493 1777 1294 1534 1434 1054 1045 1465 1159 1050 1990 1252 1926 1974 1209 1251 1500 1147 1642 1161 1949 1841 1022 1834 1430 1869 1569 1639 1054 1336 1410 1967 1614 1704 1796 1332 1082 1739 1479 1287 1457 1329 1276 1521 1581 1595 1444 1902 1675 1314 1471 1214 1820 1659 1527 1208 1102 1010 1506 1710 1389 1078 1866 1891 1585 1011 1852 1610 1179 1971 1215 1690 1718 1696 1232 1311 1711 1454 1369 1117 1550 1010 1354 1073 1890 BCNSPRNW ULIB Ver.6.0+V

เปลี่ยนเป็นภาษาไทย

Change to English
 แสดงรายละเอียดบรรณานุกรม
  กลับหน้าหลัก

Brief Record : Get Marc (ISO 2709) : E-mail record : QR code < ปิดหน้าต่าง
LEADER : 00000nam 2200000uu 4500
001    13399126671
003     ULIB
008    190206s2561||||th 000 0 tha d
020    ^a9786163982995
060    ^aWY16^bส46ป
100    ^aสุพิศ รุ่งเรืองศรี, บรรณาธิการ
245    ^aปฐมนิเทศวิชาชีพการพยาบาลและการผดุงครรภ์ = Introduction to Nursing and Midwifery Profession/^bสุพิศ รุ่งเรืองศรี, บรรณาธิการ
250    ^aพิมพ์ครั้งที่ 1
260    ^aเชียงใหม่ :^bคณะพยาบาลศาสตร์ มหาวิทยาลัยเชียงใหม่,^c2561
300    ^a144 หน้า
650    ^aพยาบาล--วิชาชีพ
945    ^p170^l0^i26965
945    ^p170^l0^i26974
945    ^p170^l0^i26973
945    ^p170^l0^i26972
945    ^p170^l0^i26971
945    ^p170^l0^i26970
945    ^p170^l0^i26969
945    ^p170^l0^i26968
945    ^p170^l0^i26967
945    ^p170^l0^i26966
999    ^aกัณชพร จุลอักษร
รายการนี้ยังไม่มีแท็ก
คุณยังไม่ได้ล็อกอิน คุณสามารถมีกิจกรรมร่วมกับเว็บไซต์ได้ แต่ต้องล็อกอินก่อน ::
  ล็อกอิน

รายการสื่อสารสนเทศ

ลำดับที่ ประเภท เลขเรียก/บาร์โค้ด สถานที่ สถานะ
1. หนังสือสำรอง
หนังสือสำรอง
WY16 ส46ป ฉ.1 
  Barcode: 26965
ห้องสมุดวิทยาเขตนครสวรรค์
►หนังสือทั่วไป:l:General Books
บนชั้น
2. วิทยาศาสตร์การแพทย์ และสุขภาพ
วิทยาศาสตร์การแพทย์ และสุขภาพ
WY16 ส46ป ฉ.10 
  Barcode: 26974
ห้องสมุดวิทยาเขตนครสวรรค์
►หนังสือทั่วไป:l:General Books
บนชั้น
3. วิทยาศาสตร์การแพทย์ และสุขภาพ
วิทยาศาสตร์การแพทย์ และสุขภาพ
WY16 ส46ป ฉ.2 
  Barcode: 26966
ห้องสมุดวิทยาเขตนครสวรรค์
►หนังสือทั่วไป:l:General Books
บนชั้น
4. วิทยาศาสตร์การแพทย์ และสุขภาพ
วิทยาศาสตร์การแพทย์ และสุขภาพ
WY16 ส46ป ฉ.3 
  Barcode: 26967
ห้องสมุดวิทยาเขตนครสวรรค์
►หนังสือทั่วไป:l:General Books
บนชั้น
5. วิทยาศาสตร์การแพทย์ และสุขภาพ
วิทยาศาสตร์การแพทย์ และสุขภาพ
WY16 ส46ป ฉ.4 
  Barcode: 26968
ห้องสมุดวิทยาเขตนครสวรรค์
►หนังสือทั่วไป:l:General Books
บนชั้น
6. วิทยาศาสตร์การแพทย์ และสุขภาพ
วิทยาศาสตร์การแพทย์ และสุขภาพ
WY16 ส46ป ฉ.5 
  Barcode: 26969
ห้องสมุดวิทยาเขตนครสวรรค์
►หนังสือทั่วไป:l:General Books
บนชั้น
7. วิทยาศาสตร์การแพทย์ และสุขภาพ
วิทยาศาสตร์การแพทย์ และสุขภาพ
WY16 ส46ป ฉ.6 
  Barcode: 26970
ห้องสมุดวิทยาเขตนครสวรรค์
►หนังสือทั่วไป:l:General Books
บนชั้น
8. วิทยาศาสตร์การแพทย์ และสุขภาพ
วิทยาศาสตร์การแพทย์ และสุขภาพ
WY16 ส46ป ฉ.7 
  Barcode: 26971
ห้องสมุดวิทยาเขตนครสวรรค์
►หนังสือทั่วไป:l:General Books
บนชั้น
9. วิทยาศาสตร์การแพทย์ และสุขภาพ
วิทยาศาสตร์การแพทย์ และสุขภาพ
WY16 ส46ป ฉ.8 
  Barcode: 26972
ห้องสมุดวิทยาเขตนครสวรรค์
►หนังสือทั่วไป:l:General Books
บนชั้น
10. วิทยาศาสตร์การแพทย์ และสุขภาพ
วิทยาศาสตร์การแพทย์ และสุขภาพ
WY16 ส46ป ฉ.9 
  Barcode: 26973
ห้องสมุดวิทยาเขตนครสวรรค์
►หนังสือทั่วไป:l:General Books
บนชั้น

รายการใกล้เคียง
    ผู้แต่ง [สุพิศ รุ่งเรืองศรี, บรรณาธิการ]

    หัวเรื่อง [พยาบาล--วิชาชีพ]

BibComment


ยังไม่เคยถูกคอมเมนท์

คอมเมนท์ทรัพยากรรายการนี้
  คอมเมนท์: ปฐมนิเทศวิชาชีพก..


 Copyright 2026. Bcnsprnw @Library